| 000 | 01969nam0a2200385 4500 | ||
|---|---|---|---|
| 001 | RU\NLR\BIBL_A\016249732 | ||
| 005 | 20240527155750.0 | ||
| 010 |
_a978-5-04-174720-6 _92000 |
||
| 021 |
_aRU _bКН-П-22-086741 _9КН-П-22-7682 |
||
| 035 | _a(NLR Aleph) 016249732 | ||
| 035 | _a(RuMoRGB)011444089 | ||
| 090 |
_a12823474 _c12823474 |
||
| 100 | _a20221227d2023 m y0rusy50 ca | ||
| 101 | 0 | _arus | |
| 102 | _aRU | ||
| 105 | _aa z 000zy | ||
| 181 | 0 |
_ai _baxxe |
|
| 182 | 0 | _an | |
| 200 | 1 |
_aПрактический курс управления переменами _eшедевры китайской мудрости _fБронислав Виногродский |
|
| 203 |
_aТекст _bвизуальный _cнепосредственный |
||
| 210 |
_aМосква _cЭксмо _d2023 |
||
| 215 |
_a479 с. _cил. _d22 |
||
| 225 | 1 |
_aИскусство управления миром _eавторская серия Б. Виногродского |
|
| 330 | _aВ этом переводе "Книги Перемен" вы найдете комментарии, максимально приближенные к нуждам современного читателя. Автор постарался уйти от соблазна примитивного толкования древнего знания и дал возможность практически освоить технологии принятия управленческих решений | ||
| 333 | _a16+ | ||
| 500 | 1 | 0 | _aКнига Перемен |
| 605 |
_a"И Цзин" _jКомментарии _2nlr_sh2 _3RU\NLR\AUTH\6601647098 |
||
| 686 | 1 | _aЮ3(5Кит)3 | |
| 686 | 2 | _aЭ341-21 | |
| 700 | 1 |
_aВиногродский _bБ. Б. _f1957- _gБронислав Брониславович _3RU\NLR\auth\7737896 |
|
| 942 | _cBOOK | ||
| 980 | _aNB | ||